Skip to content
VuFind
All Fields
Title
Author
Subject
Call Number
ISBN/ISSN
Tag
Find
Advanced
Bukan kail kita yang dinantiny...
Cite this
Print
Export Record
Export to RefWorks
Export to EndNoteWeb
Export to EndNote
Export to MARC
Bukan kail kita yang dinantinya
Bibliographic Details
Format:
Book
Holdings
Description
Similar Items
Staff View
MARC
LEADER
00000cam a2200000 7i4500
001
0000009356
002
000010187
005
20000330.0
020
|a
9838311804
090
0
0
|a
F
|b
MAR
245
1
0
|a
Bukan kail kita yang dinantinya
999
|a
039557
|b
BUKU
|c
PINJAMAN
|e
PERPUSTAKAAN KOMUNITI PETALING JAYA
Similar Items
Kail panjang sejengkal
by: A. Samad Ismail
Published: (1994)
Bukan hanya ada kita
by: Nazurah Aishah
Published: (2013)
Bukan yang pertama
by: Salina Ibrahim
Published: (2009)
Bukan yang pertama
by: Salina Ibrahim
Published: (2009)
KITA YANG KEDUA
by: Ayumi
Published: (2020)